000 00827nam a2200265Ia 4500
003 OSt
005 20220928120438.0
006 a|||||r|||| 00| 0
007 ta
008 220927b |||||||| |||| 00| 0 eng d
020 _cINR 1095.00
024 _a144111
037 _b017, 10/02/2021, Classic Book Service
_cTextual
040 _aSDCL
_cSDCL
_beng
041 _2eng
_aeng
082 _aQ(V2'L), R0 LR
100 _aHabib Irfan
_9393076
245 0 _aBraj Bhum in mughal times
_b The state, peasants and gosains
260 _aDelhi
_bPrimus Books
_c2020
300 _axii,286p.
_ccm.
650 _aHistory
700 _a Mukherjee Tarapada
_9449244
942 _hQ(V2'L), R0 LR
_cTEXL
_2CC
999 _c763694
_d763694